NBA Starting Power Forwards 2020s - Statistics

General Stats
  • This quiz has been taken 719 times
    76 since last reset
  • The average score is 157 of 180
Answer Stats
NoTeam Season First Name Last Name % Correct
Boston 2020-21 Jayson Tatum
100%
Boston 2022-23 Jayson Tatum
100%
Boston 2023-24 Jayson Tatum
100%
Boston 2024-25 Jayson Tatum
100%
Golden State 2025-26 Jimmy Butler
98%
Chicago 2021-22 DeMar DeRozan
98%
Chicago 2023-24 DeMar DeRozan
98%
Brooklyn 2021-22 Kevin Durant
98%
Brooklyn 2022-23 Kevin Durant
98%
Phoenix 2023-24 Kevin Durant
98%
Phoenix 2024-25 Kevin Durant
98%
Brooklyn 2020-21 Jeff Green
98%
Denver 2021-22 Jeff Green
98%
Golden State 2020-21 Draymond Green
98%
Golden State 2021-22 Draymond Green
98%
Golden State 2022-23 Draymond Green
98%
Golden State 2024-25 Draymond Green
98%
Detroit 2024-25 Tobias Harris
98%
Detroit 2025-26 Tobias Harris
98%
Philadelphia 2020-21 Tobias Harris
98%
Philadelphia 2021-22 Tobias Harris
98%
Philadelphia 2022-23 Tobias Harris
98%
Philadelphia 2023-24 Tobias Harris
98%
Oklahoma City 2024-25 Chet Holmgren
98%
Oklahoma City 2025-26 Chet Holmgren
98%
Boston 2021-22 Al Horford
98%
LA Lakers 2021-22 LeBron James
98%
LA Lakers 2022-23 LeBron James
98%
LA Lakers 2023-24 LeBron James
98%
LA Lakers 2024-25 LeBron James
98%
LA Lakers 2025-26 LeBron James
98%
LA Clippers 2023-24 Kawhi Leonard
98%
Cleveland 2021-22 Evan Mobley
98%
Cleveland 2022-23 Evan Mobley
98%
Cleveland 2023-24 Evan Mobley
98%
Cleveland 2024-25 Evan Mobley
98%
Cleveland 2025-26 Evan Mobley
98%
Minnesota 2024-25 Julius Randle
98%
Minnesota 2025-26 Julius Randle
98%
New York 2020-21 Julius Randle
98%
New York 2021-22 Julius Randle
98%
New York 2022-23 Julius Randle
98%
New York 2023-24 Julius Randle
98%
Indiana 2020-21 Domantas Sabonis
98%
Indiana 2021-22 Domantas Sabonis
98%
Minnesota 2023-24 Karl-Anthony Towns
98%
Chicago 2020-21 Patrick Williams
98%
Chicago 2022-23 Patrick Williams
98%
Chicago 2024-25 Patrick Williams
98%
Oklahoma City 2022-23 Jalen Williams
98%
Oklahoma City 2023-24 Jalen Williams
98%
New Orleans 2020-21 Zion Williamson
98%
New Orleans 2023-24 Zion Williamson
98%
New Orleans 2024-25 Zion Williamson
98%
New Orleans 2025-26 Zion Williamson
98%
Orlando 2022-23 Paolo Banchero
96%
Orlando 2023-24 Paolo Banchero
96%
Orlando 2024-25 Paolo Banchero
96%
Orlando 2025-26 Paolo Banchero
96%
San Antonio 2024-25 Harrison Barnes
96%
Toronto 2021-22 Scottie Barnes
96%
Toronto 2022-23 Scottie Barnes
96%
Toronto 2023-24 Scottie Barnes
96%
Toronto 2024-25 Scottie Barnes
96%
Toronto 2025-26 Scottie Barnes
96%
Charlotte 2021-22 Miles Bridges
96%
Charlotte 2023-24 Miles Bridges
96%
Charlotte 2024-25 Miles Bridges
96%
Charlotte 2025-26 Miles Bridges
96%
Memphis 2025-26 GG Jackson
96%
Indiana 2023-24 Pascal Siakam
96%
Indiana 2024-25 Pascal Siakam
96%
Indiana 2025-26 Pascal Siakam
96%
Toronto 2020-21 Pascal Siakam
96%
Houston 2024-25 Amen Thompson
96%
Miami 2024-25 Bam Adebayo
95%
Orlando 2021-22 Wendell Carter
95%
LA Lakers 2020-21 Anthony Davis
95%
Denver 2022-23 Aaron Gordon
95%
Denver 2023-24 Aaron Gordon
95%
Denver 2024-25 Aaron Gordon
95%
Detroit 2020-21 Jerami Grant
95%
Detroit 2021-22 Jerami Grant
95%
Portland 2022-23 Jerami Grant
95%
Portland 2023-24 Jerami Grant
95%
Atlanta 2023-24 Jalen Johnson
95%
Atlanta 2024-25 Jalen Johnson
95%
Atlanta 2025-26 Jalen Johnson
95%
Brooklyn 2024-25 Cameron Johnson
95%
Denver 2025-26 Cameron Johnson
95%
San Antonio 2020-21 Keldon Johnson
95%
San Antonio 2021-22 Keldon Johnson
95%
New Orleans 2021-22 Herbert Jones
95%
New Orleans 2022-23 Herbert Jones
95%
Milwaukee 2020-21 Giannis Antetokounmpo
93%
Milwaukee 2021-22 Giannis Antetokounmpo
93%
Milwaukee 2022-23 Giannis Antetokounmpo
93%
Milwaukee 2023-24 Giannis Antetokounmpo
93%
Milwaukee 2024-25 Giannis Antetokounmpo
93%
Milwaukee 2025-26 Giannis Antetokounmpo
93%
Philadelphia 2024-25 Paul George
93%
Washington 2024-25 Kyshawn George
93%
Washington 2025-26 Kyshawn George
93%
Washington 2020-21 Rui Hachimura
91%
New York 2024-25 Josh Hart
91%
New York 2025-26 Josh Hart
91%
Memphis 2021-22 Jaren Jackson Jr.
91%
Memphis 2022-23 Jaren Jackson Jr.
91%
Memphis 2024-25 Jaren Jackson Jr.
91%
Golden State 2023-24 Jonathan Kuminga
91%
Utah 2022-23 Lauri Markkanen
91%
Utah 2023-24 Lauri Markkanen
91%
Utah 2025-26 Lauri Markkanen
91%
Sacramento 2022-23 Keegan Murray
91%
Sacramento 2023-24 Keegan Murray
91%
Sacramento 2024-25 Keegan Murray
91%
Charlotte 2020-21 PJ Washington
91%
Charlotte 2022-23 PJ Washington
91%
Dallas 2024-25 PJ Washington
91%
Dallas 2025-26 PJ Washington
91%
Brooklyn 2023-24 Dorian Finney-Smith
89%
Dallas 2021-22 Dorian Finney-Smith
89%
Dallas 2022-23 Dorian Finney-Smith
89%
Miami 2025-26 Andrew Wiggins
89%
Atlanta 2020-21 John Collins
87%
Atlanta 2021-22 John Collins
87%
Atlanta 2022-23 John Collins
87%
Utah 2024-25 John Collins
87%
Houston 2022-23 Jabari Smith Jr.
85%
Houston 2023-24 Jabari Smith Jr.
85%
Houston 2025-26 Jabari Smith Jr.
85%
Houston 2020-21 PJ Tucker
85%
Miami 2021-22 PJ Tucker
85%
LA Clippers 2020-21 Nicolas Batum
84%
LA Clippers 2021-22 Nicolas Batum
84%
Boston 2025-26 Sam Hauser
84%
Miami 2023-24 Nikola Jović
82%
Minnesota 2022-23 Jaden McDaniels
82%
Memphis 2023-24 Santi Aldama
78%
Utah 2020-21 Bojan Bogdanović
78%
Utah 2021-22 Bojan Bogdanović
78%
Phoenix 2020-21 Jae Crowder
78%
Phoenix 2021-22 Jae Crowder
78%
Detroit 2022-23 Isaiah Stewart
78%
Detroit 2023-24 Isaiah Stewart
78%
Chicago 2025-26 Matas Buzelis
76%
Dallas 2020-21 Maxi Kleber
76%
Sacramento 2020-21 Marvin Bagley
75%
Portland 2024-25 Toumani Camara
75%
Portland 2025-26 Toumani Camara
75%
Sacramento 2025-26 Precious Achiuwa
73%
Indiana 2022-23 Aaron Nesmith
73%
Memphis 2020-21 Kyle Anderson
71%
Dallas 2023-24 Derrick Jones Jr.
69%
LA Clippers 2024-25 Derrick Jones Jr.
69%
LA Clippers 2025-26 Derrick Jones Jr.
69%
LA Clippers 2022-23 Marcus Morris
69%
Houston 2021-22 Jae'Sean Tate
69%
Denver 2020-21 Paul Millsap
67%
San Antonio 2022-23 Jeremy Sochan
67%
San Antonio 2023-24 Jeremy Sochan
67%
San Antonio 2025-26 Julian Champagnie
65%
Washington 2021-22 Kyle Kuzma
65%
Washington 2022-23 Kyle Kuzma
65%
Washington 2023-24 Kyle Kuzma
65%
Miami 2022-23 Caleb Martin
65%
Cleveland 2020-21 Larry Nance Jr.
64%
Miami 2020-21 Kelly Olynyk
64%
Phoenix 2025-26 Royce O'Neale
64%
Minnesota 2020-21 Jared Vanderbilt
58%
Minnesota 2021-22 Jared Vanderbilt
58%
Phoenix 2022-23 Torrey Craig
53%
Portland 2020-21 Robert Covington
49%
Portland 2021-22 Robert Covington
49%
Philadelphia 2025-26 Dominick Barlow
44%
Brooklyn 2025-26 Noah Clowney
44%
Oklahoma City 2020-21 Darius Bazley
38%
Oklahoma City 2021-22 Darius Bazley
38%
Sacramento 2021-22 Moe Harkless
24%
Orlando 2020-21 James Ennis
9%
No matching quizzes found
Score Distribution
Percent of People with Each Score
Percentile by Number Answered
Your Score History
You have not taken this quiz since the last reset